000 00401nam a2200157Ia 4500
100 _aRozman/Leo
650 _aElectrical Engineering
942 _cRB
654 _aElectronic Trouble Shooting
245 _aElectronic Trouble Shooting With Simplified Circuit Analysis
260 _bD.B. Tarapore vala
_aBombay
_c1979
082 _a621.3
_bRoz
300 _a240
546 _aENGLISH
999 _c32993
_d32993